Gunnison–Crested Butte Reg. Airport Destinations (Gunnison, CO, USA) - Statistics

General Stats
  • This quiz has been taken 30 times
    18 since last reset
  • The average score is 4 of 5
Answer Stats
Airline Destination % Correct
JSX Dallas (Love)
93%
United Express Denver
93%
American Airlines Dallas/Fort Worth
87%
United Express Chicago (O'Hare)
80%
United Express Houston (Intercontinental)
73%
No matching quizzes found
Score Distribution
Percent of People with Each Score
Percentile by Number Answered
Your Score History
You have not taken this quiz since the last reset